Football team to stadium: England - Statistics

General Stats
  • This quiz has been taken 40 times
  • The average score is 10 of 12
Answer Stats
Picture Answer % Correct
Liverpool
97%
Leicester City
92%
Arsenal
89%
Luton Town
89%
Manchester United
89%
Tottenham Hotspur
89%
Wrexham
83%
Sheffield United
81%
Fulham
78%
Newcastle United
67%
Watford
67%
Huddersfield Town
56%
No matching quizzes found
Score Distribution
Percent of People with Each Score
Percentile by Number Answered
Your Score History
You have not taken this quiz